| 000 | 00578nam a22001697a 4500 | ||
|---|---|---|---|
| 999 |
_c7405 _d7405 |
||
| 005 | 20211117141631.0 | ||
| 008 | 211117b ||||| |||| 00| 0 eng d | ||
| 020 | _a8460606961 | ||
| 040 | _aCDMR | ||
| 245 |
_aFent memòria : _bVicenç Riera Llorca / _c[coordinació: Joan Pujadas] |
||
| 260 |
_aPineda de Mar : _bAjuntament de Pineda, _c1992 |
||
| 300 |
_a91 pàgines : _bfotografies i dibuixos; _c20 cm |
||
| 600 | 0 |
_94711 _aRiera Llorca, Vicenç |
|
| 650 | 0 |
_93139 _aPeriodistes catalans _vBiografia |
|
| 650 | 0 |
_93384 _aDibuixants _zCatalunya _xBiografia |
|
| 942 |
_2udc _cMON |
||